Salarios industriales e inflación.El período 1976-82 (Registro nro. 16419)
[ vista simple ]
| 000 -LEADER | |
|---|---|
| fixed length control field | 00345 a2200109 4500 |
| 001 - CONTROL NUMBER | |
| control field | ART_3471 |
| 005 - DATE AND TIME OF LATEST TRANSACTION | |
| control field | 20260410161715.0 |
| 008 - FIXED-LENGTH DATA ELEMENTS--GENERAL INFORMATION | |
| fixed length control field | 260409a |
| 100 1# - MAIN ENTRY--PERSONAL NAME | |
| Personal name | Frenkel, Roberto |
| 245 10 - TITLE STATEMENT | |
| Title | Salarios industriales e inflación.El período 1976-82 |
| 773 0# - HOST ITEM ENTRY | |
| Title | Desarrollo económico |
| Related parts | - Vol. 24, Nº 95 (oct./dic. 1984) |
| Record control number | REV1174 |
No hay ítems disponibles.